000 00299nam a2200121Ia 4500
008 231120s2020 xx 000 0 und d
041 _aeng
082 _a751
100 _aMARYLIN SCOTT
245 _aTHE SKETCHING AND DRAWING BIBLE
260 _aSEARCH PRESS
_bSEARCH PRESS
_c2020
300 _aP-192
999 _c933354
_d933354